000 00981nam a22002897a 4500
001 BR7908363
003 BR-BrBNA
005 20230928090350.0
007 ta
008 230509b bl.||||| |||| 00| 0 por d
040 _aBR-BrBNA
_bpor
_cBiblioteca Nacional de Agricultura
041 _a(Por)
072 _aL00
_b/G514
090 _ L00 BR7908363
110 1 _aEmpresa de Assistencia Tecnica e Extensao Rural do Estado do Maranhao, Sao Luis (Brasil)
_94038
245 1 _aLevantamento das propriedades localizadas a margem da BR- 135 e ramais [Maranhao, Brasil]
260 3 _aSao Luis, MA (Brasil):
_c1979.
300 _a21 p.
500 _a7 tables. (*) Documento disponível na(o) Empresa de Assistencia Tecnica e Extensao Rural do Estado do Maranhao, Sao Luis (Brazil)
650 _aPRODUCAO ANIMAL
650 _aPECUARIA
650 _aPROPRIEDADE RURAL
650 _aCADASTRO RURAL
650 _aMARANHAO
909 _a202309
_bLucia
_c55
_dLucia Elande
942 _cBK
999 _c28580
_d28580